header

The legal and economic implications of electronic discovery (Record no. 38742)

MARC details
000 -LEADER
fixed length control field 01313nam a22003134a 4500
082 04 - DEWEY DECIMAL CLASSIFICATION NUMBER
Classification number 347.73/72
100 1# - MAIN ENTRY--AUTHOR NAME
Personal name Dertouzos, James N.,
245 14 - TITLE STATEMENT
Title The legal and economic implications of electronic discovery
260 ## - PUBLICATION, DISTRIBUTION, ETC. (IMPRINT)
Place of publication Santa Monica, CA :
Name of publisher Rand Corp.,
Year of publication 2008.
300 ## - PHYSICAL DESCRIPTION
Number of Pages xv, 22 p.
650 #0 - SUBJECT ADDED ENTRY--TOPICAL TERM
Topical Term Electronic discovery (Law)
700 1# - ADDED ENTRY--PERSONAL NAME
Personal name Pace, Nicholas M.
Personal name Anderson, Robert H.
856 40 - ELECTRONIC LOCATION AND ACCESS
Uniform Resource Identifier http://site.ebrary.com/lib/rucke/Doc?id=10235198

No items available.

© 2026 Rongo University
Contact us: librarian | system librarian | Rongo university